| 000 | 01135nam a2200241 a 4500 | ||
|---|---|---|---|
| 001 | 49482 | ||
| 003 | BD-RjUL | ||
| 005 | 20211209054703.0 | ||
| 008 | 160821s19571937bg ||||| |||| 00| 0 ben d | ||
| 020 | _c:TK.4.50 | ||
| 035 | _a(BD-RjUL)49601 | ||
| 040 |
_aBD-RjUL _bben _cBD-RjUL |
||
| 041 | _aben | ||
| 082 |
_223 _a891.443 _bAND 1967 |
||
| 100 |
_aআনন্দ, মুল্ক্রাজ _9148469 |
||
| 245 | 1 | 0 |
_aদু'টি পাতা একটি কুঁড়ি / _cমুল্ক্রাজ আনন্দ, অনুবাদ নৃপেন্দ্রকৃষ্ণ চট্টোপাধ্যায় |
| 260 |
_aকলিকাতা : _bর্যাডিক্যাল বুক ক্লাব, _c১৯৩৭, [মুদ্রণ ১৯৫৭] |
||
| 300 |
_a৩০৪ পৃ.; _c১৯ সেমি. |
||
| 650 |
_aবাংলা সাহিত্য _vউপন্যাস _9148470 |
||
| 650 |
_aBengali Literature _vFiction _9148471 |
||
| 700 |
_aচট্টোপাধ্যায়, নৃপেন্দ্রকৃষ্ণ ,অনুবাদ _9148472 |
||
| 942 |
_2ddc _cBK |
||
| 999 |
_c49482 _d49482 |
||